Reconstruyendo el tejido social desde la fe y la participación socio-política: balance de las comunidades eclesiales de base en Nayarit, México/
Gespeichert in:
| 1. Verfasser: | |
|---|---|
| Weitere Verfasser: | |
| Format: | Buch |
| Sprache: | Spanish |
| Tags: |
Tag hinzufügen
Keine Tags, Fügen Sie den ersten Tag hinzu!
|
MARC
| LEADER | 00000nam a22000007a 4500 | ||
|---|---|---|---|
| 003 | cru CIDCACS/IIS | ||
| 005 | 20161116132826.0 | ||
| 007 | ta | ||
| 008 | 161116s2015 cr ||||| |||| 00| 0 spa d | ||
| 040 | |c cru CIDCACS/IIS | ||
| 100 | 1 | |9 547 |a Orozco Espinosa, Pedro | |
| 245 | 1 | |a Reconstruyendo el tejido social desde la fe y la participación socio-política: |b balance de las comunidades eclesiales de base en Nayarit, México/ |c Pedro Orozco Espinosa, Alejandro Enrique Orozco Morales | |
| 300 | |a páginas 23-26 | ||
| 700 | 1 | |9 548 |a Orozco Morales, Alejandro Enrique | |
| 773 | 0 | |0 18728 |9 150 |a Universidad de Costa Rica |d San José, Costa Rica Editorial UCR 1956- |o R19003 |t Revista de Ciencias Sociales/ | |
| 942 | |2 ddc |c PP | ||
| 999 | |c 18737 |d 18737 | ||
